Soil erosion and conservation / (Record no. 36998)
[ view plain ]
| 000 -LEADER | |
|---|---|
| fixed length control field | 01194nam a2200325 a 4500 |
| 001 - CONTROL NUMBER | |
| control field | 36998 |
| 003 - CONTROL NUMBER IDENTIFIER | |
| rucl marc code | BD-RjUL |
| 005 - DATE AND TIME OF LATEST TRANSACTION | |
| control field | 20211209052551.0 |
| 008 - FIXED-LENGTH DATA ELEMENTS--GENERAL INFORMATION | |
| fixed length control field | 140930r19881986enka b 001 0 eng |
| 020 ## - INTERNATIONAL STANDARD BOOK NUMBER | |
| International Standard Book Number | 0470206713 (Wiley : pbk.) |
| 035 ## - SYSTEM CONTROL NUMBER | |
| System control number | (BD-RjUL)37100 |
| 040 ## - CATALOGING SOURCE | |
| Original cataloging agency | DLC |
| Transcribing agency | DLC |
| Modifying agency | DLC |
| -- | BD-RjUL |
| Language of cataloging | eng |
| 041 ## - LANGUAGE CODE | |
| Language code of text/sound track or separate title | eng |
| 082 00 - DEWEY DECIMAL CLASSIFICATION NUMBER | |
| Classification number | 631.45 |
| Edition number | 19 |
| Author mark and year | MOS 1986 |
| 100 1# - MAIN ENTRY--PERSONAL NAME | |
| Personal name | Morgan, R. P. C. |
| Fuller form of name | (Royston Philip Charles), |
| Dates associated with a name | 1942- |
| 9 (RLIN) | 113065 |
| 245 10 - TITLE STATEMENT | |
| Title | Soil erosion and conservation / |
| Statement of responsibility, etc. | R.P.C. Morgan ; edited by D.A. Davidson. |
| 260 ## - PUBLICATION, DISTRIBUTION, ETC. (IMPRINT) | |
| Place of publication, distribution, etc. | Essex, England ; |
| -- | New York, NY : |
| Name of publisher, distributor, etc. | Longman Scientific & Technical ; |
| -- | Wiley, |
| Date of publication, distribution, etc. | c1986 [reprint 1988]. |
| 300 ## - PHYSICAL DESCRIPTION | |
| Pagination | ix, 298 p. : |
| Illustrations | ill. ; |
| Size | 25 cm. |
| 500 ## - GENERAL NOTE | |
| General note | Cover title: Soil erosion & conservation. |
| General note | Rev. and enl. ed. of: Soil erosion. 1979. |
| 504 ## - BIBLIOGRAPHY, ETC. NOTE | |
| Bibliography, etc | Includes bibliography: p. [256]-295. and index |
| 650 #0 - SUBJECT ADDED ENTRY--TOPICAL TERM | |
| Topical term or geographic name as entry element | Soil erosion. |
| 9 (RLIN) | 113066 |
| Topical term or geographic name as entry element | Soil conservation. |
| 9 (RLIN) | 113067 |
| 700 1# - ADDED ENTRY--PERSONAL NAME | |
| Personal name | Davidson, Donald A. |
| Personal name | Morgan, R. P. C. |
| Fuller form of name | (Royston Philip Charles), |
| Dates associated with a name | 1942- |
| 942 ## - ADDED ENTRY ELEMENTS (KOHA) | |
| Source of classification or shelving scheme | Dewey Decimal Classification |
| Koha item type | Books |
| Lost status | Source of classification or shelving scheme | Damaged status | Not for loan | Collection code | Permanent Location | Current Location | Shelving location | Date acquired | Total Checkouts | Full call number | Date last seen | Copy number | Koha item type | Source of acquisition |
|---|---|---|---|---|---|---|---|---|---|---|---|---|---|---|
| Dewey Decimal Classification | Not For Loan | Non-fiction | Institute of Biological Sciences (IBSc) Library | Institute of Biological Sciences (IBSc) Library | 30/09/2014 | 631.45 MOS 1986 | 30/09/2014 | C-1 | Books | |||||
| Dewey Decimal Classification | Not For Loan | Non-fiction | Institute of Biological Sciences (IBSc) Library | Institute of Biological Sciences (IBSc) Library | 30/09/2014 | 631.45 MOS 1986 | 30/09/2014 | C-2 | Books | |||||
| Dewey Decimal Classification | Not For Loan | Non-fiction | Institute of Biological Sciences (IBSc) Library | Institute of Biological Sciences (IBSc) Library | 23/11/2014 | 631.45 MOS 1986 | 23/11/2014 | C-3 | Books | British Council |